| 000 | 01428nam0a22002651 4500 | ||
|---|---|---|---|
| 001 | rc\3021401 | ||
| 005 | 20250806201408.0 | ||
| 035 | _a(NLR Aleph) 007163310 | ||
| 090 |
_a23453 _c23453 |
||
| 100 | _a20110927d1942 u y0rusy50 ca | ||
| 101 | 0 | _arus | |
| 102 | _aRU | ||
| 105 | _aab a ||||| | ||
| 200 | 1 |
_aМатериалы по восстановлению и работе железных дорог в военное время _eИнформ.-библиогр. сборник _fНКПС СССР. Всесоюз. науч.-исслед. ин-т ж.-д. транспорта "ЦНИИ". Гл. упр. воен.-восстанов. работ "ГУВВР" |
|
| 210 |
_aМосква _cТрансжелдориздат _d1942 |
||
| 215 |
_a112 с., 3 вкл. л. черт. и карт. _cил., черт., карт. _d22 см |
||
| 712 | 0 | 2 |
_aВсесоюзный научно-исследовательский институт железнодорожного транспорта _4570 |
| 712 | 0 | 1 |
_aСССР _bНародный комиссариат путей сообщения _bГлавное управление военно-восстановительных работ _3RU\NLR\AUTH\8810029477 _4570 |
| 801 | 0 |
_aRU _bNLR _gpsbo |
|
| 801 | 1 |
_aRU _bELAR _2rusmarc |
|
| 852 |
_aNLR _jТ88 Г-5/77 |
||
| 942 | _cBOOK | ||
| 945 | _aРоссийская национальная библиотека | ||
| 980 | _aNB | ||
| 980 | _aBV | ||